000
00315nam a22001457a 4500
003
SGT
020
_a
9332586268
082
_a
651.3
_b
KOT
100
_a
KOTLER, PHILIP T.
245
_a
MARKETINGFOR HOSPITALITY AND TOURISM
250
_a
7TH
260
_b
PEARSON INDIA
_c
2018
300
_a
680
942
_2
ddc
_c
BK
_0
3
999
_c
15905
_d
15905